Takú osudovú ženu, ako je Burtonova nevesta, si je škoda vziať

Bibliographic Details
Main Author: Gregor, Ján (Author)
Format: Article
Language:Slovak
PhysicalDescription:Fotogr.
ISSN:1335-440X
Subjects:

MARC

LEADER 00000nab a2200000 a 4500
001 vtls008954355
003 SK-MaSNL
005 20260303070319.0
008 140512c20060412xo dr|p|||||||000 b|slo
015 |a SNBRB2007/03  |2 snkbucl 
038 |a SNKBUCL 
040 |a SNKBUCL  |b slo  |c SNKBUCL  |e AACR2 
041 |a slo 
044 |a xo  |c SK 
080 |a 791.43  |x (410)  |2 2001 
100 1 |a Gregor, Ján  |4 aut  |9 283239 
245 1 0 |a Takú osudovú ženu, ako je Burtonova nevesta, si je škoda vziať  |c Ján Gregor 
300 |b Fotogr. 
630 0 7 |a Mŕtva nevesta Tima Burtona (film)  |2 snkbucl  |9 1067584 
655 7 |a recenzie  |2 snkbucl  |9 21907 
773 0 |t Sme. Práca  |g Roč. 15, č. 86 (12.4.2006)  |x 1335-440X 
773 0 |t Kultúra  |g S. 21 
852 |a SNK  |b KIS3GCP 
958 |a RC 
999 |c 1754835  |d 1756765